Полувековой опыт совместной разрботки девонских пластов Ромашкинского месторождения; Нефтяное хозяйство; № 11

Bibliografiset tiedot
Parent link:Нефтяное хозяйство: научно-технический производственный журнал.— , 1925-1940, 1946-.— 0028-2448
№ 11.— 2003.— С. 38-41
Päätekijä: Дияшев Р. Н.
Kieli:venäjä
Julkaistu: 2003
Sarja:Разработка и эксплуатация нефтяных месторождений
Aiheet:
Aineistotyyppi: MixedMaterials Kirjan osa
KOHA link:https://koha.lib.tpu.ru/cgi-bin/koha/opac-detail.pl?biblionumber=389375

MARC

LEADER 00000naa2a2200000 4500
001 389375
005 20231101063846.0
035 |a (RuTPU)RU\TPU\prd\21533 
090 |a 389375 
100 |a 20040121a2003 k y0rusy50 ca 
101 0 |a rus 
102 |a RU 
200 1 |a Полувековой опыт совместной разрботки девонских пластов Ромашкинского месторождения  |f Р. Н. Дияшев 
225 1 |a Разработка и эксплуатация нефтяных месторождений 
320 |a Библиогр.: 10 назв. 
461 1 |0 (RuTPU)RU\TPU\prd\1638  |x 0028-2448  |t Нефтяное хозяйство  |o научно-технический производственный журнал  |d 1925-1940, 1946- 
463 1 |0 (RuTPU)RU\TPU\prd\20865  |t № 11  |v С. 38-41  |d 2003 
610 1 |a девонские пласты 
610 1 |a Ромашкинское месторождение 
610 1 |a разработка 
610 1 |a многопластовые объекты 
610 1 |a эксплуатация 
675 |a 622.276.1/.4(470.41)  |v 3 
700 1 |a Дияшев  |b Р. Н. 
801 1 |a RU  |b 63413507  |c 20040121  |g PSBO 
801 2 |a RU  |b 63413507  |c 20131028  |g RCR 
942 |c BK